Statistics for Numbers by First Appearance of Letters

Click here to take the quiz!

General Stats

  • This quiz has been taken 18,719 times
    (18,688 since last reset)
  • The average score is 15 of 24

Answer Stats

Letter Number % Correct
FFour
88%
TTwo
84%
SSix
80%
EZero
78%
ZZero
77%
NOne
77%
OZero
77%
HThree
76%
IFive
76%
BBillion
74%
RZero
71%
VFive
69%
WTwo
68%
GEight
67%
XSix
65%
UFour
64%
LEleven
61%
MMillion
57%
AThousand
55%
YTwenty
51%
DHundred
39%
QQuadrillion
31%
COctillion
7%
PSeptillion
6%

Score Distribution

Percentile by Number Answered

Percent of People with Each Score

Your Score History

You have not taken this quiz since the last reset